Análisis y diseño orientado a objetos de sistemas usando UML
Salvato in:
| Autori principali: | , , |
|---|---|
| Natura: | Libro |
| Lingua: | spagnolo |
| Pubblicazione: |
Madrid
McGraw Hill
2007
|
| Edizione: | 3a. ed |
| Soggetti: | |
| Tags: |
Aggiungi Tag
Nessun Tag, puoi essere il primo ad aggiungerne!!
|
MARC
| LEADER | 00000nam a2200000 a 4500 | ||
|---|---|---|---|
| 001 | UCI5388 | ||
| 003 | CL-VaPUC | ||
| 008 | 080328e20070000SP |||||||||||||||||spa|d | ||
| 020 | |a 9788448156404 | ||
| 082 | 0 | 4 | |a 005.117 |b BEN |2 21 |
| 100 | 0 | |a Bennett, Simon |e author |9 527728 | |
| 700 | 0 | |a McRobb, Steve |e author |9 527729 | |
| 700 | 0 | |a Farmer, Ray |e author |9 527730 | |
| 245 | 1 | 0 | |a Análisis y diseño orientado a objetos de sistemas usando UML |
| 250 | |a 3a. ed | ||
| 300 | |a 620 p | ||
| 942 | |c BK | ||
| 945 | |d 20080328 00:00:00 |a rbrito | ||
| 260 | |a Madrid |b McGraw Hill |c 2007 | ||
| 650 | 0 | |a Sistemas de información |9 260286 | |
| 650 | 0 | |a Orientación a objetos |9 419150 | |
| 650 | 0 | |a Programación orientada al objeto |9 387863 | |
| 650 | 0 | |a Programación de computadores |9 259531 | |
| 583 | |a last modification |c 20080328 00:00:00 |k Rodrigo Vera | ||
| 999 | |c 329139 |d 329137 | ||
| 952 | |0 0 |1 0 |2 ddc |4 0 |6 005_117000000000000_BEN_2007 |7 0 |8 A |9 413478 |a BIBING |b BIBING |c RES |d 2019-11-22 |i 4417437 |o 005.117 BEN 2007 |p 4417437 |r 2025-01-20 |w 2019-11-22 |y BK |k EII | ||
| 952 | |0 0 |1 0 |2 ddc |4 0 |6 005_117000000000000_BEN_2007 |7 0 |8 A |9 413479 |a BIBING |b BIBING |c RES |d 2019-11-22 |i 441750K |o 005.117 BEN 2007 |p 441750K |r 2025-01-20 |w 2019-11-22 |y BK |k EII | ||